000 012600000a22003250004500
003 EG-GICUC
005 20250223031056.0
008 070124s2004 ua a f m 000 0 eng d
040 _aEG-GICUC
_beng
_cEG-GICUC
041 0 _aEng
049 _aDeposite
097 _aM.Sc
099 _aCai01.13.04.M.Sc.2004.Gh.E
100 0 _aGhada Ahmed Mohamed ElBazedi
245 1 0 _aEconomic Analysis of Various Desallination Plants with Respect to Egpyt /
_cGhada Ahmed Mohamed ElBazedi ; Supervised Mahmoud A.ElRifai , Ayman Z.Mohamed , Reem S.Ettouney
246 1 5 _aاقتصاديات تطبيق تكنولوجيا تحلية المياة فى مصر
260 _aCairo :
_bGhada Ahmed Mohamed ElBazedi ,
_c2004
300 _a148P :
_bill ;
_c30cm
502 _aThesis (M.Sc.) - Cairo University - Faculty Of Engineering - Department Of Chemical Engineering
530 _aIssued also as CD
653 4 _aRespect to Egpy
653 4 _aVarious Desallination Plants
700 0 _aAyman Zaki Mohamed ,
_eSupervisor
700 0 _aMahmoud Abdelhkeem ElRifai ,
_eSupervisor
700 0 _aReem Sayed Ettouney ,
_eSupervisor
856 _uhttp://172.23.153.220/th.pdf
905 _aMustafa
_eRevisor
905 _aNazla
_eCataloger
942 _2ddc
_cTH
999 _c47867
_d47867